Theologie der Rechtfertigung bei Martin Luther und Thomas von Aquin : Versuch eines systematisch-theologischen Dialogs / Otto Hermann Pesch
Record details
- Physical Description: lxxi, 1010 s. ; 23 cm
- Publisher: Mainz : Matthias-Grünewald-Verlag, c1967
Content descriptions
| General Note: | Obsahuje rejstřík |
Search for related items by subject
| Subject: | Luther, Martin, 1483-1546 Tomáš Akvinský, svatý, 1225-1274 evangelická teologie interkonfesijní vztahy katolicizmus katolická teologie luterství ospravedlnění |
| Genre: | studie |
Search for related items by series
Available copies
- 1 of 1 copy available at Common Catalog SPOK.
Holds
- 0 current holds with 1 total copy.
Show Only Available Copies
| Location | Call Number / Copy Notes | Barcode | Shelving Location | Status | Due Date |
|---|---|---|---|---|---|
| Jabok Library | ST-3.8 | 424480011176 | Depozitář (knihy) - ptejte se knihovníka | Available | - |
| LDR | 01343cam a2200337 a 4500 | ||
|---|---|---|---|
| 001 | 13324 | ||
| 003 | CZ-PrJAB | ||
| 005 | 20191008133330.0 | ||
| 007 | ta | ||
| 008 | 020614s1967 gw r ger d | ||
| 035 | . | ‡a(CZ PrCU)000136376 | |
| 040 | . | ‡aABD027 ‡bcze ‡cABD027 ‡dABD027 | |
| 100 | 1 | . | ‡aPesch, Otto Hermann, ‡d1931-2014 ‡7jn20000604407 ‡4aut |
| 245 | 1 | 0. | ‡aTheologie der Rechtfertigung bei Martin Luther und Thomas von Aquin : ‡bVersuch eines systematisch-theologischen Dialogs / ‡cOtto Hermann Pesch |
| 260 | . | ‡aMainz : ‡bMatthias-Grünewald-Verlag, ‡cc1967 | |
| 300 | . | ‡alxxi, 1010 s. ; ‡c23 cm | |
| 490 | 1 | . | ‡aWalberberger Studien der Albertus-Magnus-Akademie. Theologische Reihe ; ‡vBd. 4 |
| 500 | . | ‡aObsahuje rejstřík | |
| 600 | 1 | 7. | ‡aLuther, Martin, ‡d1483-1546 ‡7jn19990005235 ‡2czenas |
| 600 | 0 | 7. | ‡aTomáš Akvinský, ‡csvatý, ‡d1225-1274 ‡7jn19981002237 ‡2czenas |
| 650 | 0 | 7. | ‡aevangelická teologie ‡2ctt |
| 650 | 0 | 7. | ‡ainterkonfesijní vztahy ‡2ctt |
| 650 | 0 | 7. | ‡akatolicizmus ‡2ctt |
| 650 | 0 | 7. | ‡akatolická teologie ‡2ctt |
| 650 | 0 | 7. | ‡aluterství ‡2ctt |
| 650 | 0 | 7. | ‡aospravedlnění ‡2ctt |
| 655 | 7. | ‡astudie ‡7fd133597 ‡2czenas | |
| 830 | 0. | ‡aWalberberger Studien der Albertus-Magnus-Akademie. ‡pTheologische Reihe | |
| 910 | . | ‡aABG312 | |
| 901 | . | ‡a13324 ‡bCZ-PrJAB ‡c13324 ‡tbiblio | |